000 00316 a2200133 4500
005 20250628095331.0
020 _a0-17-640633-6
082 _a658 HAR
100 _aHARRISON, K.
245 _aThe Future of Business.
260 _aNew York,
_bThomson Nelson,
_c2005.
300 _aiv, 314p.:
_c28cm
942 _2ddc
_cBKS
999 _c5936
_d5936